[Event "Opera Euro Rapid Prelims 2021"]
[Site "Online"]
[Date "2021.02.03"]
[Round "15.3"]
[White "Nepomniachtchi, Ian"]
[Black "Dominguez Perez, Leinier"]
[Result "0-1"]
[WhiteElo "2789"]
[BlackElo "2758"]
[Annotator "RC"]
[PlyCount "126"]
[EventDate "2021.02.02"]
[EventType "tourn"]
[EventCountry "NET"]
[Tiebreak "Koya+Number of black wins+Number of wins"]
[SourceTitle "playchess.com"]
[Source "ChessBase"]
[SourceQuality "1"]
[TimeControl "900+10"]

1. d4 {[%emt 0:00:00]} Nf6 {[%emt 0:00:00]} 2. c4 {[%emt 0:00:00]} e6 {[%emt 0:
00:00]} 3. Nc3 {[%emt 0:00:00]} Bb4 {[%emt 0:00:00]} 4. e3 {[%emt 0:00:00]} O-O
{[%emt 0:00:00]} 5. Bd3 {[%emt 0:00:00]} d5 {[%emt 0:00:00]} 6. cxd5 {[%emt 0:
00:00]} exd5 {[%emt 0:00:00]} 7. Nge2 {[%emt 0:00:00]} Re8 {[%emt 0:00:01]} 8.
Bd2 {[%emt 0:00:00]} Bd6 {[%emt 0:00:42]} 9. Rc1 {[%emt 0:00:02]} c6 {[%emt 0:
01:58]} 10. O-O {[%emt 0:00:04]} Na6 {[%emt 0:01:42]} 11. f3 {[%emt 0:00:36]}
c5 {[%emt 0:00:15]} 12. Kh1 {[%emt 0:00:40]} Nc7 {[%emt 0:02:55]} 13. g4 {
[%emt 0:03:51]} b6 {[%emt 0:01:14]} 14. Ng3 {[%emt 0:00:07]} g6 {[%emt 0:02:26]
} 15. Nce2 {[%emt 0:01:16]} Bb7 {[%emt 0:00:45]} 16. g5 {[%emt 0:02:17]} Nd7 {
[%emt 0:00:03]} 17. h4 {[%emt 0:00:07]} Nf8 {[%emt 0:01:56]} 18. Kg2 {[%emt 0:
00:29]} Ba6 {[%emt 0:00:37]} 19. Bxa6 {[%emt 0:01:00]} Nxa6 {[%emt 0:00:00]}
20. dxc5 {[%emt 0:00:27]} bxc5 {[%emt 0:00:36]} 21. e4 {[%emt 0:00:07]} d4 {
[%emt 0:01:55]} 22. Qa4 {[%emt 0:00:44]} Nc7 {[%emt 0:00:45]} 23. b4 {[%emt 0:
00:37]} Nce6 {[%emt 0:00:30]} 24. bxc5 {[%emt 0:00:13]} Bxc5 {[%emt 0:00:07]}
25. Rfd1 {[%emt 0:00:12]} Rb8 {[%emt 0:00:18]} 26. Bc3 {[%emt 0:01:02]} Qb6 {
[%emt 0:00:17]} 27. Ba1 {[%emt 0:00:53]} Red8 {[%emt 0:00:01]} 28. Rd3 {
[%emt 0:00:02]} Qb7 {[%emt 0:00:26]} 29. Rcd1 {[%emt 0:00:52]} Bb6 {[%emt 0:00:
05]} 30. Qb4 {[%emt 0:00:31]} Qa6 {[%emt 0:00:11]} 31. Qa3 {[%emt 0:00:50]} Qc4
{[%emt 0:00:07]} 32. f4 {[%emt 0:00:31]} Qc6 {[%emt 0:00:09]} 33. Qc1 {[%emt 0:
00:14]} Qb7 {[%emt 0:00:16]} 34. Kh2 {[%emt 0:00:08]} Rbc8 {[%emt 0:00:05]} 35.
Qb2 {[%emt 0:00:11]} Qc7 {[%emt 0:00:11]} 36. Rc1 {[%emt 0:01:22]} Qb8 {
[%emt 0:00:11]} 37. Rf1 {[%emt 0:00:01]} Bc7 {[%emt 0:00:14]} 38. Qd2 {[%emt 0:
00:19]} Qb5 {[%emt 0:00:09]} 39. Rb3 {[%emt 0:00:16]} Qa6 {[%emt 0:00:05]} 40.
f5 {[%emt 0:00:15]} Nc5 {[%emt 0:00:06]} 41. fxg6 {[%emt 0:00:23]} hxg6 {
[%emt 0:00:02]} 42. Rbf3 {[%emt 0:00:10]} Nxe4 {[%emt 0:00:01]} 43. Qb2 {
[%emt 0:00:21]} Be5 {[%emt 0:00:37]} 44. Kg2 {[%emt 0:00:21]} Nxg3 {[%emt 0:00:
11]} 45. Nxg3 {[%emt 0:00:02]} Qc6 {[%emt 0:00:09]} 46. Kg1 {[%emt 0:00:25]}
Rb8 {[%emt 0:00:10]} 47. Qf2 {[%emt 0:00:05]} Qd5 {[%emt 0:00:10]} 48. h5 {
[%emt 0:00:16]} Ne6 {[%emt 0:00:04]} 49. Qd2 {[%emt 0:00:18]} d3 {[%emt 0:00:
13]} 50. Bxe5 {[%emt 0:00:18]} Qxe5 {[%emt 0:00:02]} 51. hxg6 {[%emt 0:00:00]}
fxg6 {[%emt 0:00:02]} 52. Re3 {[%emt 0:00:19]} Qxg5 {[%emt 0:00:04]} 53. Rfe1 {
[%emt 0:00:17]} Nf4 {[%emt 0:00:15]} 54. Kh2 {[%emt 0:00:05]} Qh4+ {[%emt 0:00:
14]} 55. Kg1 {[%emt 0:00:01]} Nh3+ {[%emt 0:00:26]} 56. Kg2 {[%emt 0:00:03]}
Nf4+ {[%emt 0:00:01]} 57. Kg1 {[%emt 0:00:00]} Rf8 {[%emt 0:00:01]} 58. Rf1 {
[%emt 0:00:33]} Nh3+ {[%emt 0:00:22]} 59. Kg2 {[%emt 0:00:01]} Nf4+ {[%emt 0:
00:01]} 60. Kg1 {[%emt 0:00:00]} Ne2+ {[%emt 0:00:06]} 61. Nxe2 {[%emt 0:00:18]
} Rxf1+ {[%emt 0:00:03]} 62. Kxf1 {[%emt 0:00:00]} Rf8+ {[%emt 0:00:22]} 63.
Kg2 {[%emt 0:00:21]} Rf2+ {[%emt 0:00:05]} 0-1

[Event "Opera Euro Rapid Prelims 2021"]
[Site "Online"]
[Date "2021.02.03"]
[Round "15.4"]
[White "Nakamura, Hikaru"]
[Black "Shankland, Sam"]
[Result "0-1"]
[WhiteElo "2736"]
[BlackElo "2691"]
[Annotator "RC"]
[PlyCount "115"]
[EventDate "2021.02.02"]
[EventType "tourn"]
[EventCountry "NET"]
[Tiebreak "Koya+Number of black wins+Number of wins"]
[SourceTitle "playchess.com"]
[Source "ChessBase"]
[SourceQuality "1"]
[TimeControl "900+10"]

1. e4 {[%emt 0:00:00]} c5 {[%emt 0:00:00]} 2. Nf3 {[%emt 0:00:00]} d6 {[%emt 0:
00:00]} 3. d4 {[%emt 0:00:00]} cxd4 {[%emt 0:00:00]} 4. Nxd4 {[%emt 0:00:00]}
Nf6 {[%emt 0:00:00]} 5. Nc3 {[%emt 0:00:01]} Nc6 {[%emt 0:00:00]} 6. Bg5 {
[%emt 0:00:01]} e6 {[%emt 0:00:00]} 7. Qd2 {[%emt 0:00:02]} a6 {[%emt 0:00:00]}
8. O-O-O {[%emt 0:00:01]} Bd7 {[%emt 0:00:00]} 9. f3 {[%emt 0:00:01]} Nxd4 {
[%emt 0:00:02]} 10. Qxd4 {[%emt 0:00:02]} Be7 {[%emt 0:00:01]} 11. h4 {[%emt 0:
00:10]} Qc7 {[%emt 0:00:09]} 12. Qd2 {[%emt 0:00:20]} b5 {[%emt 0:00:09]} 13.
Kb1 {[%emt 0:00:02]} b4 {[%emt 0:00:18]} 14. Ne2 {[%emt 0:00:06]} a5 {[%emt 0:
00:01]} 15. c4 {[%emt 0:00:17]} bxc3 {[%emt 0:00:09]} 16. Nxc3 {[%emt 0:00:06]}
Rb8 {[%emt 0:00:04]} 17. a4 {[%emt 0:00:18]} h6 {[%emt 0:00:29]} 18. Be3 {
[%emt 0:01:51]} O-O {[%emt 0:00:05]} 19. Nb5 {[%emt 0:00:09]} Qb7 {[%emt 0:00:
21]} 20. Bd3 {[%emt 0:01:34]} Rfc8 {[%emt 0:01:51]} 21. Rc1 {[%emt 0:00:15]} d5
{[%emt 0:00:20]} 22. e5 {[%emt 0:01:21]} Bb4 {[%emt 0:00:45]} 23. Qf2 {[%emt 0:
00:45]} Ne8 {[%emt 0:00:06]} 24. Ba7 {[%emt 0:00:24]} Rxc1+ {[%emt 0:01:30]}
25. Rxc1 {[%emt 0:00:00]} Rc8 {[%emt 0:00:00]} 26. Rxc8 {[%emt 0:00:40]} Qxc8 {
[%emt 0:00:08]} 27. h5 {[%emt 0:00:30]} Kf8 {[%emt 0:01:37]} 28. g4 {[%emt 0:
00:37]} Qc6 {[%emt 0:01:04]} 29. Bb6 {[%emt 0:00:24]} Bc8 {[%emt 0:01:41]} 30.
Na7 {[%emt 0:03:06]} Qxa4 {[%emt 0:00:03]} 31. Qe2 {[%emt 0:00:10]} Qd7 {
[%emt 0:00:20]} 32. Qc2 {[%emt 0:00:03]} Bb7 {[%emt 0:00:23]} 33. Bb5 {[%emt 0:
00:17]} Qe7 {[%emt 0:00:02]} 34. Qh7 {[%emt 0:02:18]} f6 {[%emt 0:00:07]} 35.
Qh8+ {[%emt 0:00:05]} Kf7 {[%emt 0:00:02]} 36. Bd3 {[%emt 0:00:00]} Qf8 {
[%emt 0:00:23]} 37. Qh7 {[%emt 0:01:02]} fxe5 {[%emt 0:02:50]} 38. Bd8 {
[%emt 0:00:25]} e4 {[%emt 0:00:02]} 39. fxe4 {[%emt 0:00:05]} Qd6 {[%emt 0:01:
02]} 40. Bh4 {[%emt 0:02:11]} dxe4 {[%emt 0:00:19]} 41. Bc2 {[%emt 0:00:02]}
Qa6 {[%emt 0:01:05]} 42. g5 {[%emt 0:01:28]} hxg5 {[%emt 0:00:25]} 43. Bxg5 {
[%emt 0:00:03]} Qxa7 {[%emt 0:00:59]} 44. Qg6+ {[%emt 0:00:06]} Kf8 {[%emt 0:
00:02]} 45. h6 {[%emt 0:00:05]} Qg1+ {[%emt 0:00:59]} 46. Ka2 {[%emt 0:00:01]}
Bd5+ {[%emt 0:00:00]} 47. b3 {[%emt 0:00:05]} Qf2 {[%emt 0:00:09]} 48. Kb1 {
[%emt 0:00:04]} Bc3 {[%emt 0:00:25]} 49. Bc1 {[%emt 0:00:08]} gxh6 {[%emt 0:00:
14]} 50. Qxh6+ {[%emt 0:00:03]} Kg8 {[%emt 0:00:14]} 51. Qg5+ {[%emt 0:00:07]}
Ng7 {[%emt 0:00:04]} 52. Qd8+ {[%emt 0:00:03]} Qf8 {[%emt 0:00:02]} 53. Qc7 {
[%emt 0:00:01]} Bf6 {[%emt 0:00:18]} 54. Qxa5 {[%emt 0:00:03]} Nf5 {[%emt 0:00:
08]} 55. Ba3 {[%emt 0:00:10]} Qc8 {[%emt 0:00:10]} 56. Bc5 {[%emt 0:00:03]} Nd4
{[%emt 0:00:21]} 57. Bd1 {[%emt 0:00:17]} Nxb3 {[%emt 0:00:24]} 58. Bxb3 {
[%emt 0:00:05]} 0-1